| 000 | 00355nam a2200145Ia 4500 | ||
|---|---|---|---|
| 008 | 191201s2005 xx 000 0 und d | ||
| 082 |
_a621.815 _bNAM |
||
| 100 | _aNarayana, K L, Kannaiah, P | ||
| 245 | 0 | _aMachine Drawing | |
| 250 | _a2nd | ||
| 260 |
_aN.Delhi _bNweage Internl (P) ltd _c2005 |
||
| 300 | _a445 | ||
| 650 | _aB.Tech(ME) | ||
| 942 |
_2ddc _cBK |
||
| 999 |
_c1067 _d1067 |
||